[Event "Aeroflot Open B 2015"]
[Site "Moscú RUS"]
[Date "2015.03.28"]
[Round "2.30"]
[White "Yeletsky, Ivan"]
[Black "Hayrapetyan, Hovik"]
[Result "1-0"]
[WhiteElo "2312"]
[BlackElo "2465"]
[PlyCount "87"]
[EventDate "2015.03.27"]
[EventRounds "9"]
[EventCountry "RUS"]
[Source "lmi"]
[SourceDate "2015.03.27"]

1. e4 c5 2. Nf3 e6 3. d4 cxd4 4. Nxd4 a6 5. c4 Nf6 6. Nc3 Qc7 7. Be2 b6 8. O-O
Bb7 9. Qd3 d6 10. f4 Nbd7 11. b4 Rc8 12. Bd2 Be7 13. Rac1 Qb8 14. f5 Ne5 15.
Qe3 exf5 16. Nxf5 Bf8 17. Nd5 Nxd5 18. exd5 g6 19. Nh6 Be7 20. Qxb6 f6 21. Qd4
Qc7 22. Bd1 Qd7 23. Bb3 a5 24. c5 Ba6 25. Rfd1 axb4 26. c6 Qc7 27. Bxb4 f5 28.
Qxe5 dxe5 29. d6 Qb6+ 30. Bc5 Qxc6 31. dxe7 Qxc5+ 32. Rxc5 Rxc5 33. Rd8+ Kxe7
34. Rxh8 Rc1+ 35. Kf2 f4 36. Rxh7+ Kf6 37. Kf3 Rc3+ 38. Kf2 Rc1 39. g3 Rf1+ 40.
Kg2 f3+ 41. Kh3 Rf2 42. Rc7 Bf1+ 43. Kg4 e4 44. Kf4 1-0

[Event "Aeroflot Open B 2015"]
[Site "Moscú RUS"]
[Date "2015.03.28"]
[Round "2.31"]
[White "Dvalishvili, Pavel S"]
[Black "Mammadova, Gulnar"]
[Result "1-0"]
[WhiteElo "2439"]
[BlackElo "2314"]
[PlyCount "75"]
[EventDate "2015.03.27"]
[EventRounds "9"]
[EventCountry "RUS"]
[Source "lmi"]
[SourceDate "2015.03.27"]

1. e4 d6 2. Nc3 g6 3. f4 Bg7 4. Nf3 c5 5. h3 e6 6. Bb5+ Nc6 7. Bxc6+ bxc6 8. e5
d5 9. Qe2 Ne7 10. Qf2 c4 11. b3 Ba6 12. Na4 O-O 13. Nc5 Bc8 14. O-O cxb3 15.
axb3 f6 16. Bb2 fxe5 17. Bxe5 Nf5 18. Bxg7 Nxg7 19. Ne5 Qd6 20. Ra4 a5 21. Rfa1
g5 22. Ncd3 gxf4 23. Rxf4 Ba6 24. Nf7 Rxf7 25. Rxf7 Bxd3 26. cxd3 Nf5 27. Ra7
Rf8 28. R7xa5 Qb8 29. R5a4 Qxb3 30. Rg4+ Kh8 31. Qc5 Qb8 32. Qc3+ d4 33. Qxc6
Qe5 34. Re4 Qg3 35. Ra8 Rb8 36. Rxb8+ Qxb8 37. Qxe6 Ng7 38. Qe5 1-0

[Event "Aeroflot Open B 2015"]
[Site "Moscú RUS"]
[Date "2015.03.28"]
[Round "2.32"]
[White "Byambaa, Zulzaga"]
[Black "Krapivin, Alexander"]
[Result "1-0"]
[WhiteElo "2286"]
[BlackElo "2436"]
[PlyCount "95"]
[EventDate "2015.03.27"]
[EventRounds "9"]
[EventCountry "RUS"]
[Source "lmi"]
[SourceDate "2015.03.27"]

1. e4 g6 2. Nf3 Bg7 3. d4 d6 4. Be2 Nf6 5. Nc3 O-O 6. O-O Nfd7 7. Bg5 c5 8. d5
a6 9. a4 h6 10. Be3 Nf6 11. Nd2 Nbd7 12. h3 Rb8 13. a5 Nh7 14. Nc4 g5 15. Qd2
Kh8 16. f4 Bf6 17. Bg4 b5 18. axb6 Nxb6 19. Na5 Bxg4 20. hxg4 Qc8 21. Qe2 Nd7
22. Ra2 Rb6 23. Nc6 gxf4 24. Bxf4 Ng5 25. Na4 Rb7 26. c3 Rb5 27. b4 cxb4 28.
cxb4 Qb7 29. Rc2 Ne5 30. Nc3 Rb6 31. Bxe5 Bxe5 32. Rf5 f6 33. Nd1 Kg7 34. Rc4
e6 35. Rf1 exd5 36. exd5 Qf7 37. Ne3 Kh7 38. Qc2+ Kh8 39. Nxe5 dxe5 40. Rc7 Qg8
41. Nf5 e4 42. Ne7 Qf7 43. Nc8 Qxd5 44. Nxb6 Qe6 45. Nd7 Rf7 46. Nxf6 Rxf6 47.
Rxf6 Qxf6 48. Qc3 1-0

[Event "Aeroflot Open B 2015"]
[Site "Moscú RUS"]
[Date "2015.03.28"]
[Round "2.33"]
[White "Tologontegin, Semetey"]
[Black "Salman, Pavel"]
[Result "1-0"]
[WhiteElo "2399"]
[BlackElo "2288"]
[PlyCount "99"]
[EventDate "2015.03.27"]
[EventRounds "9"]
[EventCountry "RUS"]
[Source "lmi"]
[SourceDate "2015.03.27"]

1. d4 Nf6 2. Nf3 e6 3. Bg5 c5 4. c3 Qb6 5. Qb3 Qxb3 6. axb3 b6 7. Na3 Ba6 8. e3
Bxf1 9. Rxf1 Nc6 10. Nb5 Rc8 11. Bxf6 gxf6 12. Ra6 Be7 13. Ke2 O-O 14. Rfa1 Ra8
15. Nd2 d5 16. dxc5 Bxc5 17. b4 Be7 18. Nxa7 Nxa7 19. Rxa7 Rxa7 20. Rxa7 Bd8
21. Nb3 f5 22. Rb7 Re8 23. Kd3 Kg7 24. Nd4 Re7 25. Rb8 Bc7 26. Rc8 Be5 27. Nb5
Rb7 28. f4 Rb8 29. Rc6 Bf6 30. Rc7 Ra8 31. Nd6 Ra2 32. Kc2 Ra1 33. Nxf7 Kg6 34.
Ne5+ Bxe5 35. fxe5 Rg1 36. g3 Rg2+ 37. Kb3 Rxh2 38. Rc6 Re2 39. Rxb6 Rxe3 40.
Rxe6+ Kh5 41. b5 Rxg3 42. Rf6 Rg7 43. Rxf5+ Kg4 44. Rf1 Re7 45. Kb4 Rxe5 46. b6
Re8 47. Kb5 h5 48. b7 h4 49. Kb6 h3 50. Ka7 1-0

[Event "Aeroflot Open B 2015"]
[Site "Moscú RUS"]
[Date "2015.03.28"]
[Round "2.34"]
[White "Litvinov, Maxim"]
[Black "Pratyusha, Bodda"]
[Result "1-0"]
[WhiteElo "2389"]
[BlackElo "2270"]
[PlyCount "117"]
[EventDate "2015.03.27"]
[EventRounds "9"]
[EventCountry "RUS"]
[Source "lmi"]
[SourceDate "2015.03.27"]

1. e4 e5 2. Nf3 Nc6 3. Bb5 a6 4. Ba4 Nf6 5. O-O Be7 6. Bxc6 dxc6 7. d3 Nd7 8.
Nbd2 O-O 9. b3 f6 10. Bb2 Nc5 11. Nh4 Ne6 12. Nf5 Bc5 13. Nc4 g6 14. Nh6+ Kg7
15. Ng4 Bd4 16. c3 Ba7 17. Bc1 Rf7 18. Bh6+ Kg8 19. Qf3 Nc5 20. Rad1 Bxg4 21.
Qxg4 Qd7 22. Qe2 Ne6 23. Kh1 b5 24. Ne3 g5 25. Nf5 Qe8 26. d4 exd4 27. cxd4 Rd7
28. h4 Qg6 29. d5 cxd5 30. Rxd5 Rad8 31. Rfd1 Qe8 32. hxg5 Nf4 33. Qg4 Nxd5 34.
Rxd5 Rxd5 35. gxf6+ Kf7 36. Qg7+ Ke6 37. exd5+ Rxd5 38. Ng3 Qf7 39. Qg4+ Kxf6
40. Ne4+ Ke7 41. Bg5+ Rxg5 42. Qxg5+ Kd7 43. f4 Kc6 44. Nf6 Qg6 45. Qe5 Bf2 46.
g4 Qb1+ 47. Kg2 Qg1+ 48. Kf3 Bd4 49. Qe6+ Kb7 50. g5 Ka7 51. Ke4 Bb6 52. Kf5
Qh2 53. Qe4 Qh3+ 54. Ke5 h5 55. g6 Ba5 56. f5 h4 57. Ke6 Qg3 58. Kf7 h3 59. g7
1-0

[Event "Aeroflot Open B 2015"]
[Site "Moscú RUS"]
[Date "2015.03.28"]
[Round "2.35"]
[White "Petrosian, Davit G"]
[Black "Bayarmaa, Bayarjargal"]
[Result "1-0"]
[WhiteElo "2382"]
[BlackElo "2264"]
[PlyCount "107"]
[EventDate "2015.03.27"]
[EventRounds "9"]
[EventCountry "RUS"]
[Source "lmi"]
[SourceDate "2015.03.27"]

1. e4 c5 2. d3 g6 3. f4 Bg7 4. Nf3 Nc6 5. g3 d6 6. Bg2 e5 7. O-O Nge7 8. c3 O-O
9. Na3 Rb8 10. f5 gxf5 11. Nh4 f4 12. gxf4 exf4 13. Bxf4 Ng6 14. Nf5 Bxf5 15.
exf5 Nxf4 16. Rxf4 Bf6 17. Qh5 Kh8 18. Kh1 Rg8 19. Qxf7 Be5 20. f6 Qf8 21. Qxf8
Rbxf8 22. Rf2 Rxf6 23. Rxf6 Bxf6 24. Rf1 Rg6 25. Nc4 Ne5 26. Be4 Rh6 27. Nxd6
Bg7 28. Nf5 Rf6 29. Kg2 Rb6 30. Rf2 Ng4 31. Re2 Bf8 32. Bf3 Nf6 33. b3 Kg8 34.
Ne7+ Bxe7 35. Rxe7 Rd6 36. Rxb7 Rxd3 37. Rxa7 Rxc3 38. Kg3 Rc2 39. a4 c4 40.
bxc4 Rxc4 41. a5 Ne4+ 42. Bxe4 Rxe4 43. h4 Ra4 44. h5 Kh8 45. h6 Kg8 46. a6
Ra3+ 47. Kf4 Ra4+ 48. Kf5 Ra1 49. Rg7+ Kh8 50. Rb7 Ra5+ 51. Ke4 Ra4+ 52. Kd3
Ra3+ 53. Kc2 Ra2+ 54. Kb1 1-0

[Event "Aeroflot Open B 2015"]
[Site "Moscú RUS"]
[Date "2015.03.28"]
[Round "2.36"]
[White "Zilbert, Oleg"]
[Black "Gorbatov, Alexej"]
[Result "0-1"]
[WhiteElo "2250"]
[BlackElo "2372"]
[PlyCount "69"]
[EventDate "2015.03.27"]
[EventRounds "9"]
[EventCountry "RUS"]
[Source "lmi"]
[SourceDate "2015.03.27"]

1. e4 c5 2. Nf3 g6 3. d4 Bg7 4. dxc5 Nc6 5. c3 Nf6 6. Bd3 O-O 7. O-O b6 8. cxb6
Qxb6 9. Qe2 Bb7 10. Na3 d5 11. exd5 Nxd5 12. Nc4 Qc7 13. Re1 Rad8 14. Bc2 e5
15. Bb3 h6 16. Bd2 Rfe8 17. Qe4 f5 18. Qh4 f4 19. Qg4 Qf7 20. Bc2 e4 21. Rxe4
Rxe4 22. Bxe4 Nf6 23. Qxf4 Nxe4 24. Qxe4 Nd4 25. Qh4 Nxf3+ 26. gxf3 g5 27. Qg4
Ba6 28. Bxg5 hxg5 29. Ne3 Rf8 30. Qxg5 Qxf3 31. Qd5+ Qxd5 32. Nxd5 Rd8 33. Rd1
Kf7 34. Ne3 Rg8 35. Rd7+ 0-1

[Event "Aeroflot Open B 2015"]
[Site "Moscú RUS"]
[Date "2015.03.28"]
[Round "2.37"]
[White "Abhishek, Kelkar"]
[Black "Kazimova, Narmin"]
[Result "1-0"]
[WhiteElo "2343"]
[BlackElo "2262"]
[PlyCount "68"]
[EventDate "2015.03.27"]
[EventRounds "9"]
[EventCountry "RUS"]
[Source "lmi"]
[SourceDate "2015.03.27"]

1. d4 Nf6 2. Nf3 e6 3. c4 b6 4. Nc3 Bb7 5. a3 d5 6. Bg5 Be7 7. Qa4+ c6 8. Bxf6
Bxf6 9. cxd5 exd5 10. g3 O-O 11. Bg2 Na6 12. O-O Nc7 13. Rad1 c5 14. dxc5 bxc5
15. Nd2 Qe8 16. Qa5 Qc6 17. Nc4 Bd4 18. e3 Bxc3 19. Qxc3 Ba6 20. Rfe1 Rad8 21.
Na5 Qb6 22. b4 c4 23. a4 Bb7 24. Nxb7 Qxb7 25. e4 dxe4 26. Bxe4 Qa6 27. Qc2 g6
28. b5 Qf6 29. Qxc4 Ne6 30. Bd5 Ng5 31. f4 Nh3+ 32. Kg2 Qf5 33. Bxf7+ Kg7 34.
Be6 Qh5 1-0

[Event "Aeroflot Open B 2015"]
[Site "Moscú RUS"]
[Date "2015.03.28"]
[Round "2.38"]
[White "Pustovoitova, Daria"]
[Black "Tomashevskaya, Lidia"]
[Result "0-1"]
[WhiteElo "2339"]
[BlackElo "2232"]
[PlyCount "108"]
[EventDate "2015.03.27"]
[EventRounds "9"]
[EventCountry "RUS"]
[Source "lmi"]
[SourceDate "2015.03.27"]

1. d4 Nf6 2. c4 e6 3. Nf3 c5 4. d5 exd5 5. cxd5 d6 6. Nc3 g6 7. Bf4 Bg7 8. Qa4+
Bd7 9. Qb3 Qc7 10. e4 O-O 11. Nd2 Nh5 12. Be3 f5 13. exf5 Bxf5 14. Be2 Nf6 15.
h3 a6 16. g4 Bc8 17. a4 Nbd7 18. Nc4 b6 19. Bf4 Ne8 20. Bg3 Bb7 21. Rd1 Bd4 22.
O-O Rb8 23. Rfe1 Kh8 24. Bf1 Ne5 25. Nxe5 Bxe5 26. Rxe5 dxe5 27. Re1 Qf7 28.
Bxe5+ Ng7 29. f4 Rbe8 30. Bg2 Rxe5 31. Rxe5 Qxf4 32. Re2 Qd4+ 33. Kh1 h5 34.
Qxb6 Bxd5 35. Nxd5 Qd1+ 36. Kh2 Qxe2 37. Qxg6 Qe5+ 38. Kh1 hxg4 39. hxg4 Rf2
40. Qh6+ Kg8 41. Qc6 Ne6 42. Ne7+ Kh7 43. Nf5 Rxb2 44. Qd7+ Ng7 45. Qd3 Nxf5
46. gxf5 Qe1+ 47. Bf1 Qh4+ 48. Bh3 Qd4 49. Qf3 Rb1+ 50. Bf1 Qh4+ 51. Kg2 Qg5+
52. Kh2 Rb4 53. f6 Rh4+ 54. Bh3 Qf4+ 0-1

[Event "Aeroflot Open B 2015"]
[Site "Moscú RUS"]
[Date "2015.03.28"]
[Round "2.39"]
[White "Mammadzada, Gunay"]
[Black "Mamyrbay, Assad"]
[Result "1-0"]
[WhiteElo "2336"]
[BlackElo "2222"]
[PlyCount "101"]
[EventDate "2015.03.27"]
[EventRounds "9"]
[EventCountry "RUS"]
[Source "lmi"]
[SourceDate "2015.03.27"]

1. e4 e5 2. Nf3 Nc6 3. Bb5 Nf6 4. O-O Nxe4 5. Re1 Nd6 6. Nxe5 Be7 7. Bf1 Nxe5
8. Rxe5 O-O 9. d4 Bf6 10. Re1 Re8 11. Bf4 Rxe1 12. Qxe1 Ne8 13. Nc3 Bxd4 14.
Nd5 d6 15. Bg5 f6 16. Be3 Be5 17. f4 Bxb2 18. Rb1 Ba3 19. Bc4 Kh8 20. Qa5 Bc5
21. Bxc5 dxc5 22. Qxc5 Qd6 23. Qxd6 Nxd6 24. Nxc7 Nxc4 25. Nxa8 Kg8 26. Rb4 Na5
27. Nc7 Nc6 28. Re4 Bf5 29. Re2 Nd4 30. Re8+ Kf7 31. Rb8 Be4 32. c4 Bc6 33. Kf2
Nf5 34. Rd8 Ke7 35. Rd1 Nd6 36. Nd5+ Ke6 37. Re1+ Kf7 38. Nb4 Bd7 39. c5 Nf5
40. Rd1 Ke7 41. g4 Nh6 42. Nd5+ Ke8 43. h3 Bc6 44. Nb4 Bd7 45. c6 bxc6 46. Rc1
Nf7 47. Nxc6 a6 48. Nb8 Bb5 49. Rc8+ Ke7 50. Rc7+ Ke8 51. Ra7 1-0

[Event "Aeroflot Open B 2015"]
[Site "Moscú RUS"]
[Date "2015.03.28"]
[Round "2.40"]
[White "Zherebtsova, Alexandra"]
[Black "Lomasov, Semen"]
[Result "1/2-1/2"]
[WhiteElo "2184"]
[BlackElo "2335"]
[PlyCount "87"]
[EventDate "2015.03.27"]
[EventRounds "9"]
[EventCountry "RUS"]
[Source "lmi"]
[SourceDate "2015.03.27"]

1. d4 c5 2. d5 e5 3. e4 d6 4. Nc3 Be7 5. Nf3 Bg4 6. Bb5+ Kf8 7. a4 a6 8. Bd3
Bxf3 9. Qxf3 Bg5 10. Bxg5 Qxg5 11. h4 Qd8 12. h5 Nd7 13. a5 Nh6 14. Nd1 Qg5 15.
Ne3 Nf6 16. g3 g6 17. Nc4 Ke7 18. Rb1 Nxh5 19. Be2 Ng7 20. Qb3 Rab8 21. Qb6 Ne8
22. Nxd6 Nxd6 23. Qc7+ Kf6 24. Qxd6+ Kg7 25. c3 Rhc8 26. Rh4 Ng8 27. Bg4 Rd8
28. Qxc5 f5 29. Qc7+ Qe7 30. d6 Rxd6 31. Qxb8 fxg4 32. Qa7 Nf6 33. Qe3 Qd8 34.
Qc5 g5 35. Rh1 Rd2 36. Qxe5 Qd3 37. Qxg5+ Kf7 38. Rxh7+ Nxh7 39. Qh5+ Kf8 40.
Qh6+ Ke8 41. Qe6+ Kf8 42. Qf5+ Ke8 43. Qe6+ Kf8 44. Qf5+ 1/2-1/2

[Event "Aeroflot Open B 2015"]
[Site "Moscú RUS"]
[Date "2015.03.29"]
[Round "3.1"]
[White "Neelotpal, Das"]
[Black "Potapov, Pavel"]
[Result "1-0"]
[WhiteElo "2446"]
[BlackElo "2471"]
[PlyCount "67"]
[EventDate "2015.03.27"]
[EventRounds "9"]
[EventCountry "RUS"]
[Source "lmi"]
[SourceDate "2015.03.27"]

1. d4 f5 2. g3 Nf6 3. Bg2 g6 4. Nf3 Bg7 5. O-O O-O 6. c4 d6 7. Nc3 c6 8. Qb3
Kh8 9. Rd1 Na6 10. Qa3 Nc7 11. b4 Be6 12. Nd2 d5 13. cxd5 Nfxd5 14. Nf3 Nxc3
15. Qxc3 Bd5 16. Bb2 Be4 17. Ne5 Nd5 18. Qb3 Bxg2 19. Kxg2 Bxe5 20. dxe5 e6 21.
Rac1 Qg5 22. b5 f4 23. Ba3 Rf7 24. bxc6 bxc6 25. Rxc6 fxg3 26. hxg3 Nf4+ 27.
Kf1 Nh3 28. Bc5 Raf8 29. Bxf8 Rxf2+ 30. Ke1 Qg4 31. Bg7+ Kxg7 32. Rd7+ Kh6 33.
Qe3+ g5 34. Rxe6+ 1-0

[Event "Aeroflot Open B 2015"]
[Site "Moscú RUS"]
[Date "2015.03.29"]
[Round "3.2"]
[White "Yuffa, Daniil"]
[Black "Paravyan, David"]
[Result "1/2-1/2"]
[WhiteElo "2471"]
[BlackElo "2436"]
[PlyCount "128"]
[EventDate "2015.03.27"]
[EventRounds "9"]
[EventCountry "RUS"]
[Source "lmi"]
[SourceDate "2015.03.27"]

1. Nf3 d5 2. d4 e6 3. c4 a6 4. Bg5 Be7 5. Bxe7 Qxe7 6. Nbd2 Nf6 7. e3 O-O 8.
Bd3 Nbd7 9. Qc2 dxc4 10. Nxc4 c5 11. O-O b5 12. Na5 Qd8 13. Qd2 c4 14. Bc2 Qc7
15. Rac1 e5 16. Bb1 Qd6 17. b3 cxb3 18. axb3 e4 19. Ng5 Re8 20. f3 exf3 21.
Nxf3 Nf8 22. Rce1 Ne4 23. Bxe4 Rxe4 24. Ng5 Re7 25. e4 f6 26. Nf3 Ng6 27. d5 f5
28. Ng5 h6 29. exf5 Rxe1 30. Qxe1 hxg5 31. fxg6 Bd7 32. Nc6 Bxc6 33. dxc6 Qxg6
34. Qc3 Rc8 35. Rc1 Rc7 36. Qe5 Qf7 37. Qxg5 Qe6 38. Qd8+ Kh7 39. Qh4+ Kg8 40.
Qd8+ Kh7 41. Qd3+ Kg8 42. Qc3 a5 43. h3 a4 44. b4 Kh7 45. Kh1 Qd5 46. Qc2+ Kh6
47. Qc3 Kh7 48. Kh2 Qd6+ 49. Kg1 Qe6 50. Qf3 a3 51. Qxa3 Rxc6 52. Qd3+ Kg8 53.
Ra1 Qe8 54. Qd5+ Kh7 55. Kh1 Rf6 56. Qd3+ Kh6 57. Rc1 Qe5 58. Rd1 Qg5 59. Qe4
Qf4 60. Rd4 Qc1+ 61. Kh2 Qc7+ 62. Kg1 Qc1+ 63. Kh2 Qc7+ 64. Kg1 Qc1+ 1/2-1/2

[Event "Aeroflot Open B 2015"]
[Site "Moscú RUS"]
[Date "2015.03.29"]
[Round "3.3"]
[White "Lin, Chen"]
[Black "Le, Tuan Minh"]
[Result "1-0"]
[WhiteElo "2448"]
[BlackElo "2393"]
[PlyCount "95"]
[EventDate "2015.03.27"]
[EventRounds "9"]
[EventCountry "RUS"]
[Source "lmi"]
[SourceDate "2015.03.27"]

1. e4 c5 2. Nf3 Nc6 3. d4 cxd4 4. Nxd4 e5 5. Nb5 d6 6. N1c3 a6 7. Na3 Be7 8.
Nd5 Be6 9. Nc4 Bxd5 10. exd5 Nb8 11. Be2 Nd7 12. O-O Ngf6 13. a4 O-O 14. a5 Qb8
15. Be3 Rc8 16. Ra3 g6 17. f3 Nh5 18. Qd2 f5 19. Rd1 Rc7 20. Nb6 Nxb6 21. axb6
Rd7 22. b4 Qd8 23. Kh1 f4 24. Bg1 Bh4 25. Bd3 Qf8 26. c4 Qh6 27. h3 Ng3+ 28.
Kh2 g5 29. Qc2 Rf8 30. c5 g4 31. c6 Re7 32. c7 Ree8 33. Rc1 e4 34. Bxe4 Nxe4
35. fxe4 Bg3+ 36. Kh1 gxh3 37. gxh3 f3 38. Rxf3 Rxf3 39. c8=Q Rxc8 40. Qxc8+
Rf8 41. Qe6+ Qxe6 42. dxe6 Re8 43. Kg2 Bf4 44. Rc7 Rxe6 45. Kf3 Rf6 46. Rxb7
Bh2+ 47. Kg2 Bxg1 48. Kxg1 1-0

[Event "Aeroflot Open B 2015"]
[Site "Moscú RUS"]
[Date "2015.03.29"]
[Round "3.4"]
[White "Rozum, Ivan"]
[Black "Kashlinskaya, Alina"]
[Result "1/2-1/2"]
[WhiteElo "2545"]
[BlackElo "2436"]
[PlyCount "188"]
[EventDate "2015.03.27"]
[EventRounds "9"]
[EventCountry "RUS"]
[Source "lmi"]
[SourceDate "2015.03.27"]

1. Nf3 Nf6 2. g3 d5 3. Bg2 c6 4. O-O Bg4 5. c4 e6 6. d3 dxc4 7. dxc4 Qxd1 8.
Rxd1 Nbd7 9. Bf4 O-O-O 10. Nc3 Bb4 11. Rdc1 Bxf3 12. Bxf3 e5 13. Bg5 h6 14. Be3
Rhe8 15. Na4 Kb8 16. a3 Bf8 17. Rc2 e4 18. Bg2 Ng4 19. Bf4+ Ka8 20. h3 g5 21.
Bc1 Nge5 22. Bxe4 Nc5 23. Nxc5 Rd1+ 24. Kg2 Bxc5 25. b3 Kb8 26. Bf5 a5 27. Raa2
b6 28. Bd2 Rb1 29. Rc3 Rd1 30. Rc1 Rxc1 31. Bxc1 Rd8 32. Bc2 f6 33. Ra1 Kc7 34.
Rb1 Bd4 35. Kf1 a4 36. f4 axb3 37. Bxb3 Nd7 38. Bc2 Nc5 39. Bd2 Bf2 40. Bc3
Bxg3 41. Bxf6 Rd2 42. fxg5 hxg5 43. Rb2 Rd7 44. Bc3 Ne6 45. e3 Rf7+ 46. Kg2 Bd6
47. a4 Bc5 48. Bd2 Nf8 49. a5 Nd7 50. axb6+ Bxb6 51. Bd3 Re7 52. Kf2 Nc5 53.
Bc2 Nd7 54. Ke2 Ne5 55. c5 Bxc5 56. Ba5+ Kd7 57. Bf5+ Ke8 58. Rb8+ Kf7 59. e4
Ra7 60. Bc3 Bd6 61. Rh8 Ra3 62. Bd2 Ra2 63. Kd1 Ra1+ 64. Ke2 Ra2 65. Rh7+ Ke8
66. Be6 Rb2 67. Kd1 Nf3 68. Bc3 Rb1+ 69. Kc2 Rf1 70. Bd7+ Kf8 71. Bxc6 Be5 72.
Bd5 Bxc3 73. Rf7+ Ke8 74. Kxc3 Nh2 75. Rg7 Rf3+ 76. Kd4 Rxh3 77. Ke5 Ng4+ 78.
Kd6 Rh6+ 79. Kc7 Ne5 80. Rxg5 Rh7+ 81. Kd6 Nf7+ 82. Bxf7+ Kxf7 83. e5 Rh1 84.
Rf5+ Ke8 85. Rg5 Ra1 86. Rg8+ Kf7 87. Rc8 Ra6+ 88. Kd5 Ra5+ 89. Ke4 Ra4+ 90.
Kf5 Ra6 91. Rh8 Ke7 92. Rh7+ Ke8 93. Rb7 Rc6 94. e6 Rc1 1/2-1/2

[Event "Aeroflot Open B 2015"]
[Site "Moscú RUS"]
[Date "2015.03.29"]
[Round "3.5"]
[White "Yudin, Sergei"]
[Black "Utegaliyev, Azamat"]
[Result "1/2-1/2"]
[WhiteElo "2534"]
[BlackElo "2431"]
[PlyCount "51"]
[EventDate "2015.03.27"]
[EventRounds "9"]
[EventCountry "RUS"]
[Source "lmi"]
[SourceDate "2015.03.27"]

1. e4 e5 2. Nf3 Nc6 3. Bc4 Bc5 4. d3 Nf6 5. Nbd2 O-O 6. O-O Bb6 7. c3 d6 8. Bb3
Ne7 9. Re1 Ng6 10. Nf1 c6 11. Ng3 h6 12. h3 d5 13. exd5 Nxd5 14. d4 exd4 15.
Nxd4 Bc7 16. Ndf5 Qf6 17. Bxd5 Bxf5 18. Nxf5 Qxf5 19. Bb3 Rfe8 20. Be3 Rad8 21.
Qc2 Nh4 22. Qxf5 Nxf5 23. Rad1 Rxd1 24. Bxd1 Nxe3 25. Rxe3 Rxe3 26. fxe3
1/2-1/2

[Event "Aeroflot Open B 2015"]
[Site "Moscú RUS"]
[Date "2015.03.29"]
[Round "3.6"]
[White "Kovalev, Vladislav"]
[Black "Petrosyan, Manuel"]
[Result "1-0"]
[WhiteElo "2531"]
[BlackElo "2427"]
[PlyCount "69"]
[EventDate "2015.03.27"]
[EventRounds "9"]
[EventCountry "RUS"]
[Source "lmi"]
[SourceDate "2015.03.27"]

1. e4 c6 2. d4 d5 3. Nd2 dxe4 4. Nxe4 Bf5 5. Ng3 Bg6 6. Nh3 e6 7. Bc4 Bd6 8. c3
Nf6 9. O-O Qc7 10. f4 O-O 11. Kh1 c5 12. f5 exf5 13. Nxf5 cxd4 14. Nxd6 Qxd6
15. Bg5 Nc6 16. Bxf6 gxf6 17. Nf4 Rad8 18. Bd5 dxc3 19. bxc3 b5 20. Qf3 Ne5 21.
Qg3 Kh8 22. Rad1 Qb6 23. Rd4 Rd6 24. Rfd1 a5 25. h3 Rdd8 26. Qh4 Rg8 27. Be6
Kg7 28. Rf1 f5 29. Re1 fxe6 30. Qe7+ Kh6 31. Nxe6 Bh5 32. Rxe5 Qc6 33. Nf4 Qxc3
34. Qf6+ Rg6 35. Qxd8 1-0

[Event "Aeroflot Open B 2015"]
[Site "Moscú RUS"]
[Date "2015.03.29"]
[Round "3.7"]
[White "Munguntuul, Batkhuyag"]
[Black "Kharchenko, Boris"]
[Result "1/2-1/2"]
[WhiteElo "2426"]
[BlackElo "2514"]
[PlyCount "54"]
[EventDate "2015.03.27"]
[EventRounds "9"]
[EventCountry "RUS"]
[Source "lmi"]
[SourceDate "2015.03.27"]

1. e4 e5 2. Nf3 Nc6 3. Bb5 a6 4. Ba4 Nf6 5. O-O Be7 6. Qe2 b5 7. Bb3 d6 8. c3
Na5 9. Bc2 c5 10. d4 Qc7 11. d5 Bd7 12. Rd1 O-O 13. Nbd2 g6 14. Nf1 Nh5 15. Bh6
Rfe8 16. b3 Bf8 17. Qd2 Nb7 18. Rdc1 Bxh6 19. Qxh6 f6 20. g3 c4 21. Bd1 cxb3
22. axb3 a5 23. Ng5 fxg5 24. Bxh5 gxh5 25. Qxg5+ Kh8 26. Qf6+ Kg8 27. Qg5+ Kf8
1/2-1/2

[Event "Aeroflot Open B 2015"]
[Site "Moscú RUS"]
[Date "2015.03.29"]
[Round "3.8"]
[White "Evdokimov, Alexander A"]
[Black "Palit, Somak"]
[Result "1-0"]
[WhiteElo "2505"]
[BlackElo "2415"]
[PlyCount "120"]
[EventDate "2015.03.27"]
[EventRounds "9"]
[EventCountry "RUS"]
[Source "lmi"]
[SourceDate "2015.03.27"]

1. d4 e6 2. c4 Bb4+ 3. Bd2 a5 4. g3 d6 5. Nf3 Nc6 6. Nc3 Nf6 7. Bg2 Bxc3 8.
Bxc3 Ne4 9. Qc2 Nxc3 10. Qxc3 O-O 11. O-O Qe7 12. d5 Nb8 13. dxe6 fxe6 14. Nd2
Nc6 15. c5 d5 16. f4 Bd7 17. e4 dxe4 18. Bxe4 Qf6 19. Nf3 Qxc3 20. bxc3 a4 21.
Rab1 Bc8 22. Rfe1 Nd8 23. Nd4 c6 24. Rb4 Ra5 25. Re3 Nf7 26. Rc4 Re8 27. Bf5
Nd8 28. Bc2 a3 29. Kf2 g6 30. h4 Nf7 31. Bb3 Kf8 32. Nf3 e5 33. Nxe5 Be6 34.
Rb4 Bxb3 35. Nd7+ Kg7 36. Rxb3 Rxe3 37. Kxe3 Nd8 38. Kd4 Kf7 39. Ne5+ Kf6 40.
Nd3 Kf5 41. Ke3 Kg4 42. Kf2 Ne6 43. Rxb7 Nxc5 44. Ne5+ Kh3 45. Rb4 Rb5 46. Kf3
Nb3 47. Nxc6 Nd2+ 48. Ke3 Rc5 49. Ne5 Nf1+ 50. Kd4 Rc7 51. g4 Kxh4 52. c4 Nh2
53. Rb1 Kg3 54. f5 h5 55. f6 hxg4 56. f7 Rc8 57. Nxg6 Kf2 58. f8=Q+ Rxf8 59.
Nxf8 g3 60. Ne6 g2 1-0

[Event "Aeroflot Open B 2015"]
[Site "Moscú RUS"]
[Date "2015.03.29"]
[Round "3.9"]
[White "Khusnutdinov, Rustam"]
[Black "Glek, Igor"]
[Result "1-0"]
[WhiteElo "2490"]
[BlackElo "2410"]
[PlyCount "99"]
[EventDate "2015.03.27"]
[EventRounds "9"]
[EventCountry "RUS"]
[Source "lmi"]
[SourceDate "2015.03.27"]

1. e4 c5 2. Nf3 g6 3. d4 cxd4 4. Qxd4 Nf6 5. e5 Nc6 6. Qa4 Nd5 7. Qe4 Nc7 8.
Nc3 Bg7 9. Bf4 b5 10. O-O-O a6 11. h4 h6 12. g3 Bb7 13. Bh3 e6 14. Bg2 Qc8 15.
Qe2 Ne7 16. Ne1 h5 17. Bxb7 Qxb7 18. Ne4 Nf5 19. Rxd7 Qc6 20. Rd2 Nd5 21. Nf3
O-O 22. Bg5 Rfc8 23. Kb1 b4 24. Rd3 Rab8 25. Rhd1 a5 26. Ka1 a4 27. b3 Qxc2 28.
Qxc2 Rxc2 29. R3d2 axb3 30. axb3 Ra8+ 31. Kb1 Rc6 32. Rc1 Rca6 33. Rc4 Ra3 34.
Kc2 Ra2+ 35. Kd3 R2a3 36. Rb2 Bf8 37. Nf6+ Nxf6 38. Bxf6 Bh6 39. Rxb4 R3a5 40.
Rc2 Rd5+ 41. Ke2 Bf8 42. Rb7 Rda5 43. Rd2 Ra2 44. Ng5 Nd4+ 45. Kd3 Rxd2+ 46.
Kxd2 Ra2+ 47. Kd3 Nc6 48. Rxf7 Rxf2 49. Rh7 Nb4+ 50. Ke4 1-0

[Event "Aeroflot Open B 2015"]
[Site "Moscú RUS"]
[Date "2015.03.29"]
[Round "3.10"]
[White "Danielian, Elina"]
[Black "Khanin, Semen"]
[Result "1-0"]
[WhiteElo "2488"]
[BlackElo "2408"]
[PlyCount "69"]
[EventDate "2015.03.27"]
[EventRounds "9"]
[EventCountry "RUS"]
[Source "lmi"]
[SourceDate "2015.03.27"]

1. d4 Nf6 2. g3 g6 3. Bg2 Bg7 4. e4 d6 5. Nc3 O-O 6. Nge2 Nbd7 7. O-O e5 8. h3
c6 9. a4 a5 10. Be3 exd4 11. Bxd4 Qe7 12. Re1 Nc5 13. Nf4 Rd8 14. Qf3 Nfd7 15.
Bxg7 Kxg7 16. Nd3 Ne5 17. Qe3 Nexd3 18. cxd3 f5 19. d4 f4 20. gxf4 Na6 21. Rac1
Rf8 22. d5 Nb4 23. e5 Bf5 24. Qd4 dxe5 25. fxe5 c5 26. Qe3 Nd3 27. d6 Qd7 28.
Nd5 Rae8 29. Nf6 Qxa4 30. Nxe8+ Rxe8 31. Rxc5 Kh8 32. d7 Qxd7 33. Rd5 Nxe1 34.
Rxd7 Nxg2 35. Qd4 1-0

[Event "Aeroflot Open B 2015"]
[Site "Moscú RUS"]
[Date "2015.03.29"]
[Round "3.11"]
[White "Kotanjian, Tigran"]
[Black "Pasiev, Rakhim"]
[Result "1-0"]
[WhiteElo "2482"]
[BlackElo "2400"]
[PlyCount "69"]
[EventDate "2015.03.27"]
[EventRounds "9"]
[EventCountry "RUS"]
[Source "lmi"]
[SourceDate "2015.03.27"]

1. d4 f5 2. c4 Nf6 3. Nc3 e6 4. a3 d6 5. Nf3 g6 6. g3 Bg7 7. Bg2 O-O 8. O-O Qe7
9. b4 c6 10. c5 dxc5 11. bxc5 b6 12. cxb6 axb6 13. Ne5 Bb7 14. Qb3 Nfd7 15. f4
Nxe5 16. dxe5 Nd7 17. Be3 Rfb8 18. Rfd1 Bf8 19. a4 Qe8 20. Ra2 b5 21. Rad2 Nc5
22. Bxc5 Bxc5+ 23. Kf1 b4 24. Na2 Bf8 25. Rd7 Ra6 26. Rc7 Bc8 27. Qc4 c5 28.
Nc1 b3 29. Nxb3 Rxa4 30. Qc2 c4 31. Nd4 g5 32. Bc6 Qh5 33. Qxa4 Qxh2 34. Qxc4
Rb4 35. Qd3 1-0